Extensão cultural e publicações (Registo nº 202831)

Detalhes MARC
000 -Etiqueta do registo
Valores 00659nam 22002053 4500
021 ## - Número do Depósito Legal
Código do país Portugal
Número 90842/95
100 ## - Dados gerais de processamento
Dados gerais 20260701d u||y0pory50 ba
200 ## - Titulo e menção de responsabilidade
Título próprio Extensão cultural e publicações
Informação de outro título informação
Primeira menção de responsabilidade Universidade dos Açores
210 ## - Publicação
Local de publicação Ponta Delgada
Nome do editor U.A.
Data de publicação 1995
215 ## - Descrição física 
Paginação / Volumes 157, [3] p.
Outras indicações físicas brochado
Dimensões 24 cm
300 ## - Notas gerais 
Texto da nota Contém nota do Prof. Dr. Almeida Faria na folha de guarda
606 ## - Nome comum usado como assunto
ID Autoridade 1098
Palavra de ordem Educação
Subdivisão assunto Ensino
610 ## - Termos não controlados
Palavra de ordem Universidade
675 ## - CDU
Notação 378.4(469.9)(05)
Edição PT
Língua por
710 ## - Autor principal (colectividade)
ID Autoridade 17681
Nome da entidade Universidade dos Açores
801 ## - Fonte de origem
País PT
Agência BMMN
Regras de catalogação RPC
830 ## - Notas gerais do catalogador
Criado por Ana Falardo
Indexado por Ana Falardo
990 ## - Elementos KOHA
Tipo de documento Livro
Exemplares
Situação do levantamento Biblioteca de origem Código de barras Cota Permissão de empréstimo Tipo de documento Nota relativa ao exemplar Forma de aquisição
  Biblioteca Municipal de Montemor-o-Novo 32352 378.4 INF|SAF   Livro Acesso Condicionado Oferta

Powered by Koha